000 00511nam a2200169Ia 4500
999 _c14939
_d14939
003 OSt
005 20200608110951.0
008 190216s9999||||xx |||||||||||||| ||und||
020 _a9789382126829
040 _coclc
082 _a346.540134
_bNAI/W
100 _aNaik, V Shri Ram
_92611
245 0 _aWomen Laws Of India /
_cV Shri Ram Naik
260 _bAstha Publishers & Distributers,
_c2016.
_aNew Delhi:
300 _a232p
942 _cBK
_2ddc
_h346.540134
_iNAI/W
_k346.540134
_mNAI/W